Oceans odyssey : deep-sea shipwrecks in the English Channel, Straits of Gibraltar & Atlantic Ocean /

In ten papers, Odyssey Marine Exploration presents the technology, methodology and archaeological results from four deep-sea shipwrecks and one major survey conducted between 2003 and 2008. The sites lie beyond territorial waters in depths of up to 820 metres off southeastern America and in the Stra...

Full description

Bibliographic Details
Other Authors: Stemm, Greg, Kingsley, Sean A.
Format: Book
Language:English
Published: Oxford : Oxbow Books ; [2010]
Series:Odyssey marine exploration reports ; v. 1.
Subjects:

MARC

Tag First Indicator Second Indicator Subfields
LEADER 00000cam a2200000 a 4500
001 in00002575987
005 20151201153316.0
008 091204s2010 enkab b 000 0 eng
010 |a  2009050937 
020 |a 9781842174159 
020 |a 1842174150 
035 |a (OCoLC)ocn482612580 
040 |a DLC  |c DLC  |d TXA  |d UtOrBLW 
043 |a l------  |a e-gi--- 
049 |a TXAM 
050 0 0 |a CC77.U5  |b O24 2010 
082 0 0 |a 930.1028/04  |2 22 
245 0 0 |a Oceans odyssey :  |b deep-sea shipwrecks in the English Channel, Straits of Gibraltar & Atlantic Ocean /  |c edited by Greg Stemm & Sean Kingsley. 
264 1 |a Oxford :  |b Oxbow Books ;  |c [2010] 
264 2 |a Oakville, Conn. :  |b Distributed in the USA by David Brown, 
264 4 |c ©2010 
300 |a xii, 288 pages :  |b color illustrations, maps ;  |c 29 cm. 
336 |a text  |b txt  |2 rdacontent 
337 |a unmediated  |b n  |2 rdamedia 
338 |a volume  |b nc  |2 rdacarrier 
490 1 |a Odyssey marine exploration reports ;  |v v. 1 
504 |a Includes bibliographical references. 
505 0 |a The shipwreck of the SS Republic (1865). Experimental deep-sea archaeology. Part 1: Fieldwork & site history / Neil Cunningham Dobson, Ellen Gerth and J. Lange Winckler -- The shipwreck of the SS Republic (1865). Experimental deep-sea archaeology. Part 2: Cargo / Neil Cunningham Dobson and Ellen Gerth -- The SS Republic shipwreck excavation project: the coin collection / Q. David Bowers -- Microbiological & chemical analysis of bottles from the SS Republic / David L. Balkwill and April C. Smith -- Faith of our fathers: religious artifacts from the SS Republic (1865) / Hawk Tolson and Ellen Gerth -- The Jacksonville 'Blue China' shipwreck & the myth of deep-sea preservation / Hawk Tolson -- The HMS Sussex shipwreck project (site E-82): preliminary report / Neil Cunningham Dobson ... [et al.] -- Deep-sea fishing impacts on the shipwrecks of the English channel & western approaches / Sean A. Kingsley -- HMS Victory, a first-rate Royal Navy warship lost in the English Channel, 1744. Preliminary survey & identification / Neil Cunningham Dobson and Sean Kingsley -- A note on human remains from the shipwreck of HMS Victory, 1744 / Neil Cunningham Dobson and Hawk Tolson. 
520 |a In ten papers, Odyssey Marine Exploration presents the technology, methodology and archaeological results from four deep-sea shipwrecks and one major survey conducted between 2003 and 2008. The sites lie beyond territorial waters in depths of up to 820 metres off southeastern America and in the Straits of Gibraltar and the English Channel. Exclusively recorded using robotic technology in the form of a Remotely-Operated Vehicle, the wrecks range from the major Royal Navy warships HMS Sussex (1694) and the unique, 100-gun, first-rate HMS Victory (1744) to the steamship SS Republic (1865) and a mid-19th century merchant vessel with a cargo of British porcelain. Their study reveals that the future of deep-sea wreck research has arrived, but also that many sites are at severe risk from destruction from the offshore fishing industry. 
650 0 |a Underwater archaeology  |z English Channel. 
650 0 |a Underwater archaeology  |z Gibraltar. 
650 0 |a Underwater archaeology  |z Atlantic Ocean. 
650 0 |a Shipwrecks  |z English Channel. 
650 0 |a Shipwrecks  |z Gibraltar. 
650 0 |a Shipwrecks  |z Atlantic Ocean. 
700 1 |a Stemm, Greg. 
700 1 |a Kingsley, Sean A. 
830 0 |a Odyssey marine exploration reports ;  |v v. 1. 
945 |a PromptCat 
948 |a cataloged  |b h  |c 2010/7/30  |d c  |e dmitchel  |f 8:30:20 am 
994 |a C0  |b TXA 
999 |a MARS 
999 f f |s ab6bb688-8002-30b0-8f88-9d9bea016dd2  |i 2279f503-eefa-3707-b67c-7af7c2fba77a  |t 0 
952 f f |p normal  |a Texas A&M University  |b College Station  |c Sterling C. Evans Library  |d Evans: Library Stacks  |t 0  |e CC77.U5 O24 2010  |h Library of Congress classification  |i unmediated -- volume  |m A14840188659 
998 f f |a CC77.U5 O24 2010  |t 0  |l Evans: Library Stacks